El retorno de la historia y el fin de los sueños

Збережено в:
Бібліографічні деталі
Автор: Kagan, Robert (Автор)
Формат: Книга
Мова:Іспанська
Опубліковано: Madrid Taurus 2008
Серія:Pensamiento
Предмети:
Теги: Додати тег
Немає тегів, Будьте першим, хто поставить тег для цього запису!

MARC

LEADER 00000nam a2200000 a 4500
001 UCH5244
003 CL-VaPUC
008 091008e20080000SP |||||||||||||||||spa|d
020 |a 9788430606627 
082 0 4 |a 320.01  |b KAG  |2 21 
100 0 |a Kagan, Robert  |e author  |9 541506 
245 1 3 |a El retorno de la historia y el fin de los sueños 
300 |a 181 p 
942 |c BK 
945 |d 20091008 00:00:00  |a rbrito 
260 |a Madrid  |b Taurus  |c 2008 
650 0 |a Ciencias Políticas  |9 255201 
650 7 |a NACIONALISMO  |2 CL-VaPUC  |9 541507 
650 0 |a Democracia  |9 255256 
650 0 |a Islamismo  |9 314084 
583 |a last modification  |c 20091008 00:00:00  |k Rodrigo Vera 
490 0 |a Pensamiento 
999 |c 336414  |d 336412 
952 |0 0  |1 0  |4 0  |6 320_010000000000000_KAG_2008  |7 0  |8 A  |9 427680  |a BIBHIS  |b BIBHIS  |d 2019-11-22  |i 460704K  |o 320.01 KAG 2008  |p 460704K  |r 2025-01-20  |w 2019-11-22  |y BK  |k HIS